BLACK♣CLOVER - QUIZ DE PERSONAJES - Estadísticas

Estadísticas generales
  • Esta prueba ha sido intentada 84 veces
  • La puntuación promedio es 34 de 104
Estadísticas de respuestas
RESPUESTA % Correcto
1 Toros Negros - Antimagia Asta
100%
2 Capitán de los Toros Negros - Magia de oscuridad Sukehiro Yami
98%
3 Toros Negros - Magia de agua Noelle Silva
94%
4 Toros Negros - Magia de fuego Magna Swing
85%
5 Toros Negros - Magia de rayo Luck Voltia
84%
7 Toros Negros - Magia de hilo del destino Vanessa Enoteca
84%
6 Toros Negros - Magia de espejo Gauche Adlai
82%
8 Toros Negros - Magia de algodón Charmy Pappitson
79%
9 Toros Negros - Magia de ceniza y trampa Zora Ideale
76%
14 Toros Negros - Magia Espacial Finral Roulacasse
71%
25 Vicecapitán del Amanecer Dorado - Magia de Viento Yuno Grynberrall
71%
11 Toros Negros - Magia de veneno Gordon Agrippa
68%
15 Toros Negros - Magia de Sellado Secre Swallowtail
68%
13 Toros Negros - Magia de Transmutación Grey
66%
20 Diablo del protagonista Liebe
66%
27 Amanecer Dorado - Magia de Planta Mimosa Vermillion
66%
35 Capitán de los Leones Carmesíes - Magia de fuego Fuegoleón Vermillion
65%
36 Excapitana de los Leones Carmesíes - Magia de fuego Mereoleona Vermillion
65%
10 Vicecapitán de los Toros Negros - Magia de sombra Nacht Faust
65%
12 Toros Negros - Magia de Recombinación Henry Legolant
60%
23 Capitán del Amanecer Dorado - Magia del Árbol del Mundo William Vangeance
60%
68 28º Rey de los Magos - Magia de Tiempo Julius Novachrono
58%
31 Capitán de las Águilas Plateadas - Magia de Mercurio Nozel Silva
58%
39 Capitana de la Rosa Azul - Magia de Rosas Charlotte Roselei
56%
37 Leones Carmesíes - Magia de fuego, hermano de (35)(36) Leopold Vermillion
56%
40 Rosa Azul - Magia de Tierra Sol Marron
52%
47 Capitán de las Mantis Verdes - Magia de desgarramiento (muerto) Jack
50%
24 Exvicecapitán del Amanecer Dorado - Magia Espacial Langris Vaude
48%
43 Capitán de los Ciervos Celestes - Magia pictórica Rill Boismortier
48%
41 Capitana de los Pavos Reales de Coral - Magia de Sueños Dorothy Unsworth
47%
69 La otra personalidad que habita dentro del 28º Rey de los Magos Lucius Zogratis
47%
21 Hermana de (6) Marie Adlai
45%
65 Líder de los Elfos Licht
44%
49 Mantis Verdes - Magia de Bronce Sekke Bronzazza
42%
64 La Hermandad de Sephira - El Tercer Ojo, "Odio" Fana
40%
33 Águilas Plateadas - Magia de Niebla Nebra Silva
39%
32 Águilas Plateadas - Magia de Agua Solid Silva
39%
72 Su demonio - Magia de Gravedad Lucifero
35%
73 La Tríada Oscura - Magia de Hueso Zenon Zogratis
35%
26 Amanecer Dorado - Magia de Acero Klaus Lunettes
34%
34 Excapitana de las Águilas Plateadas - Magia de Acero, Madre de (3)(31)(32)(33) Acier Silva
32%
71 La Tríada Oscura - Magia de Carne, Rey del Reino Pica Dante Zogratis
31%
76 Su demonio - Magia de Maldición Megicula
29%
94 Espíritu de Fuego Salamander
29%
84 Ocho Generales Brillantes del Reino Diamante - Magia de Hielo Mars
27%
75 La Tríada Oscura - Magia de Sangre Vanica Zogratis
27%
95 Espíritu del Viento Sylph
26%
62 La Hermandad de Sephira - El Tercer Ojo, "Desesperación" Vetto
26%
67 Rey de Trébol Augustus Kira Clover
24%
29 Amanecer Dorado - Magia de vidrio (Muerto) Hamon Caseus
24%
63 La Hermandad de Sephira - El Tercer Ojo, "Deslealtad" Rhya
24%
38 Exmiembro de los Leones Carmesíes - Actual monja Theresa Rapual
24%
42 Vicecapitán de los Pavos Reales de Coral - Magia de cerezo, hermano de (27) Kirsch Vermillion
23%
56 Maldición del Sol de Medianoche - Magia de Gel, Su deseo es experimentar con el protagonista (1) Sally
23%
80 Diablo que traicionó a (61) Zagred
23%
28 Amanecer Dorado - Magia de Arena Alecdora Sandler
21%
70 1º Rey de los Magos Lemiel Silvamillon Clover
21%
22 Ciervos Celestes - Magia de Luz, Hermano de (10) (muerto) Morgen Faust
21%
55 Maldición del Sol de Medianoche - Exmiembro de las Orcas Púrpuras - Magia de Espectros Rades Spirito
21%
74 Su demonio - Magia Espacial Beelzebub
19%
48 Mantis Verdes - Magia de Hongo, formó equipo con (3) y (25) en la Prueba de Selección de la Orden Real En Ringard
18%
44 Mayordomo del Capitán de los Cievos Celestes Walter
18%
18 Gimodero
16%
54 Capitán de las Orcas Púrpuras - Magia de Vórtice Kaiser Granvorka
16%
83 Subcomandante General del Reino Diamante - Magia de niebla Lotus Whomalt
16%
85 Ocho Generales Brillantes del Reino Diamante - Magia de Absorción Ladros
15%
79 Diablo de rango superior del Infierno - Hielo Lilith
15%
17 Plumede
15%
19 Slots
15%
93 Espíritu del Agua Undine
15%
57 Maldición del Sol de Medianoche - Magia Espacial, Compañero de (56) y (57) Valtos
15%
52 Exmiembro de las Orcas Púrpuras - Magia de Fuego, Padre de (9) (muerto) Zara Ideale
15%
66 Juez de la Nobleza que sentencia al protagonista Damnatio Kira
13%
45 Ciervos Celestes - Magia de Nieve Fragil Tormenta
13%
50 Excapitán de las Orcas Púrpuras - Magia de invisibilidad, Traidor al Reino Trébol Gueldre Poizot
13%
90 Reina del reino Corazón Lolopechka
13%
46 Exmiembro de los Ciervos Celestes - Magia espacial, Ayudante en el ataque a la Maldición del Sol de Medianoche Cob Portaport
11%
81 La prometida de (14) Finesse Calmreich
11%
98 Los Siete Ryuzen - Magia de oscuridad, Hermana de (2) Ichika Yami
11%
77 Aliado de la Tríada Oscura - Científico del reino diamante Morris
11%
58 Maldición del Sol de Medianoche - Secuestrador de niños de la aldea Nairn Neige
11%
89 Líder del Bosque de las Brujas Reina de las Brujas
11%
30 Amanecer Dorado - Magia de Roca (Muerto) Siren Tium
11%
82 La mujer de (65) Tetia
11%
53 Vicecapitán de las Orcas Púrpuras - Magia de Hielo, Humillado brutalmente en combate por (9) Xerx Lugner
11%
59 Maldición del Sol de Medianoche - Secuestrador de niños de la aldea Nairn (muerto) Baro
8%
78 Diablo de rango superior del Infierno - Fuego Naamah
8%
51 Exmiembro de las Orcas Púrpuras - Magia de Cadena, Trató de robarle el Grimorio a (25) Revchi Salik
8%
92 Madre del protagonista Richta
8%
87 Reino Diamante - Magia de sombra Dominante Code
6%
86 Reino Diamante - Magia de fuego Fanzell Kruger
6%
91 Guardián Espiritual del Rayo Gadjah
6%
60 Maldición del Sol de Medianoche - Mago de hielo. ataca la Aldea Saussy Heath Grice
6%
88 Reino Diamante - Magia de Creación Mariella
6%
97 Sogún del País del Sol Ryuya Ryudo
6%
16 Los cuatro diablos de (10) Wargna
6%
100 Los Siete Ryuzen - Magia de Tierra Daizaemon Ooka
5%
101 Los Siete Ryuzen - Magia de Rayo Imari Komari
5%
99 Los Siete Ryuzen - Magia de Viento Jozo Hanegatsuji
5%
96 Diosa protectora de Elysia Dríade
3%
104 Los Siete Ryuzen - Magia de Sonido Fujio Tenmanyashiki
3%
102 Los Siete Ryuzen - Magia de Nieve Kezokaku Ginnojomorifuyu
3%
61 La Hermandad de Sephira - Líder de la Maldición del Sol de Medianoche Patolli
3%
103 Los Siete Ryuzen - Magia de Hierro Yosuga Mushogatake
3%
No se encontraron pruebas coincidentes
Distribución de puntuación
Porcentaje de gente con cada puntuación
Porcentaje por número respondido
Historial de tus puntuaciones
No has intentado esta prueba.